000 00631cam a22002291 4500
001 sa 65003902
003 DLC
005 20260227112126.0
008 900116s1963 ii 000 0 telo
010 _asa 65003902
035 _a(OCoLC)20908627
040 _aDLC
_cWaU
_dDLC
042 _apremarc
043 _aa-ii---
050 0 0 _aHC437.A73
_bA53 1963
100 1 _aAndhra Pradesh, India.
_bPlanning and Local Administration Dept.
245 1 0 _aMūḍava pañcavarṣa praṇãḷika.
260 _c[1963]
300 _avi, 492 p.
_c25 cm.
500 _aIn Telugu.
651 0 _aAndhra Pradesh (India)
_xEconomic policy.
999 _c63424
_d63424